| 000 | 00728 a2200217 4500 | ||
|---|---|---|---|
| 020 | _a0382095111 | ||
| 020 | _a9780382095115 | ||
| 082 | 0 | 4 | _a919.4 |
| 090 |
_c1121 _d1121 |
||
| 100 | 1 | _aCranshaw, Peter. | |
| 245 | 1 | 0 |
_aAustralia / _cPeter Cranshaw. |
| 260 |
_a[S.l.] : _bSilver Burdett Pr, _c1988. |
||
| 300 |
_a46 p. ; _c25 cm. |
||
| 490 | 1 | _aPeople and places. | |
| 500 | _aLibrary Binding. | ||
| 520 | _aText and illustrations introduce "the land down under." | ||
| 830 | 0 | _aPeople and places. | |
| 856 | 4 | 0 |
_3Amazon.com _uhttp://www.amazon.com/exec/obidos/ASIN/0382095111/chopaconline-20 |
| 856 | 4 | 0 |
_3Amazon customer reviews _uhttp://www.chopac.org/cgi-bin/tools/azrev.pl?q=0382095111 |
| 942 |
_aNBS _cBK _k919.4 CRA |
||
| 999 |
_c343652 _d343652 |
||